Cruzada nacional en defensa del catolicismo

Síntesis: Manuel de la Peza lanza este "Programa de acción nacional" para defender el catolicismo en México.

Guardado en:
Bibliografiske detaljer
Hovedforfatter: Peza, Manuel de La (autor)
Format: Bog
Fag:
Tags: Tilføj Tag
Ingen Tags, Vær først til at tagge denne postø!

MARC

LEADER 00000nam^a2200000^a^4500
001 000250578
005 20250526000000.0
009 20260310105817.996
035 |a R01579 
037 |a Acervo Xavier Clavigero 
082 |a 9.  |b PEZ 
100 |a Peza, Manuel de La  |e (autor) 
245 1 0 |a Cruzada nacional en defensa del catolicismo 
264 |a México, D.F. :  |b Destinatario: Público en general.,  |c 1923 
300 |a 3 fojas, mecanuscritos, copias, 27.8 X 21.4 cms. 
336 |a texto  |b txt  |2 rdacontenido 
337 |a sin mediación  |b n  |2 rdamedio 
338 |a volumen  |b nc  |2 rdasoporte 
520 |a Síntesis: Manuel de la Peza lanza este "Programa de acción nacional" para defender el catolicismo en México. 
598 |a Documento. 
598 |a Fechas que cita el documento: 1923 noviembre 26. 
649 |a XX 
650 |a Iglesia y Estado -  |z México 
650 |a Libertad Religiosa -  |z México 
650 |a * Peza, Manuel de La 
740 0 |a Programas de acción nacional. 
740 0 |a Estudios. 
910 |a Fondo Jesús Gómez Fregoso S.J. FXC 
920 |a Impresos - Documentos 
930 |a Libros Antiguos y Raros 
940 |a Guerra Cristera 
905 |a 110 
901 |a R01579  |b IT2  |c LRA  |i R01579  |u 20250526 
902 |a https://opac.biblio.iteso.mx/vufind/Record/000250578